Voices from distant lands. (Record no. 1070)

MARC details
000 -LEADER
fixed length control field 01020cam a2200301 a 4500
005 - DATE AND TIME OF LATEST TRANSACTION
control field 20260322212045.0
008 - FIXED-LENGTH DATA ELEMENTS--GENERAL INFORMATION
fixed length control field data
010 ## - LIBRARY OF CONGRESS CONTROL NUMBER
LC control number 90044912
020 ## - INTERNATIONAL STANDARD BOOK NUMBER
International Standard Book Number 0811427730
020 ## - INTERNATIONAL STANDARD BOOK NUMBER
International Standard Book Number 9780811427739
040 ## - CATALOGING SOURCE
Original cataloging agency DLC
Transcribing agency DLC
Modifying agency DLC
042 ## - AUTHENTICATION CODE
Authentication code lcac
050 00 - LIBRARY OF CONGRESS CALL NUMBER
Classification number D24
Item number .S78 1991
082 00 - DEWEY DECIMAL CLASSIFICATION NUMBER
Classification number 909
Edition information 20
092 ## - LOCALLY ASSIGNED DEWEY CALL NUMBER (OCLC)
Classification number 909 S78 1991
001 - CONTROL NUMBER
control field data
245 10 - TITLE STATEMENT
Title Voices from distant lands.
Statement of responsibility, etc. Steck-Vaughn Library.
260 ## - PUBLICATION, DISTRIBUTION, ETC.
Place of publication, distribution, etc. Austin, Tex. :
Name of publisher, distributor, etc. Steck-Vaughn Library,
Date of publication, distribution, etc. c1991.
300 ## - PHYSICAL DESCRIPTION
Extent iv, 124 p. :
Other physical details ill. (some col.) ;
Dimensions 29 cm.
490 1# - SERIES STATEMENT
Series statement Voices
504 ## - BIBLIOGRAPHY, ETC. NOTE
Bibliography, etc. note Includes bibliographical references and index.
520 ## - SUMMARY, ETC.
Summary, etc. Segments and vignettes focus on both famous and unknown individuals in world history, presenting moments in time from ancient civilizations to the twentieth century.
650 #0 - SUBJECT ADDED ENTRY--TOPICAL TERM
Topical term or geographic name entry element World history
General subdivision Juvenile literature.
-- Juvenile literature.
650 #1 - SUBJECT ADDED ENTRY--TOPICAL TERM
Topical term or geographic name entry element World history
General subdivision Miscellanea.
720 2# - ADDED ENTRY--UNCONTROLLED NAME
Name Steck-Vaughn Library.
740 0# - ADDED ENTRY--UNCONTROLLED RELATED/ANALYTICAL TITLE
Uncontrolled related/analytical title From distant lands.
830 #0 - SERIES ADDED ENTRY--UNIFORM TITLE
Uniform title Voices (Austin, Tex.)
Holdings
Withdrawn status Lost status Damaged status Not for loan Home library Current library Shelving location Date acquired Total checkouts Full call number Barcode Date last seen Price effective from Koha item type
        Centerville Centerville General stacks 22/03/2026   909 20 BC0011104 22/03/2026 22/03/2026 Books